[Event "Challenge"]
[Site "http://www.queenalice.com/game.php?id=1318357"]
[Date "2014.10.28"]
[Round "-"]
[White "WilsonFerreira"]
[Black "Rafaelpimentel"]
[Result "0-1"]
[WhiteElo "2154"]
[BlackElo "2165"]

1. e4 c6 2. d4 d5 3. e5 Bf5 4. Bd3 Bxd3 5. Qxd3 e6 6. Be3 Nd7 7. Ne2 Ne7 8. Nd2
Nf5 9. O-O-O Qa5 10. Kb1 c5 11. dxc5 Nxe5 12. Qb3 Bxc5 13. Qxb7 O-O 14. Nb3 Qb6
15. Nxc5 Nxe3 16. Qxb6 axb6 17. fxe3 bxc5 18. h3 Rfb8 19. Rhg1 Nc4 20. b3 Nxe3
21. Rd3 Nf5 22. g4 Nd6 23. Nc3 Nc4 24. Kc1 Ne5 25. Rdg3 d4 26. Na4 c4 27. Re1
Ng6 28. Re4 e5 29. g5 f6 30. gxf6 gxf6 31. h4 Kf7 32. h5 Nf4 33. h6 Ng6 34. Rf3
Nf4 35. Rfxf4 exf4 36. Rxd4 Rxa4 37. bxa4 Rb4 38. a5 Ra4 39. Rxf4 Kg6 40. Kb2
c3+ 0-1

[Event "AUTO-OPEN-3321"]
[Site "http://www.queenalice.com/game.php?id=1331967"]
[Date "2015.1.1"]
[Round "2"]
[White "Rafaelpimentel"]
[Black "janeil"]
[Result "0-1"]
[WhiteElo "2178"]
[BlackElo "2474"]

1. Nf3 c5 2. b3 Nf6 3. Bb2 Nc6 4. e3 g6 5. Be2 Bg7 6. O-O O-O 7. d4 cxd4 8. exd4
d5 9. Nbd2 Bf5 10. c4 Rc8 11. a3 Qd7 12. Rc1 Ne4 13. cxd5 Qxd5 14. Bc4 Qd8 15.
Nxe4 Bxe4 16. Ng5 Bd5 17. Qd3 e6 18. Nf3 Bxf3 19. Qxf3 Qb6 20. Rfd1 Nxd4 21. Qe3
Nxb3 22. Qxb6 axb6 23. Bxg7 Nxc1 0-1

[Event "AUTO-OPEN-3321"]
[Site "http://www.queenalice.com/game.php?id=1331968"]
[Date "2015.1.1"]
[Round "2"]
[White "janeil"]
[Black "Rafaelpimentel"]
[Result "1-0"]
[WhiteElo "2471"]
[BlackElo "2165"]

1. e4 c6 2. d4 d5 3. e5 Bf5 4. Nf3 e6 5. Be2 Nd7 6. O-O Ne7 7. Nbd2 c5 8. c4 Nc6
9. cxd5 exd5 10. dxc5 Ndxe5 11. Re1 Be7 12. b4 O-O 13. Bb2 Ng6 14. Nf1 a6 15.
Ng3 Be6 16. a4 Nxb4 17. Qd4 1-0

[Event "AUTO-MASTER-2150"]
[Site "http://www.queenalice.com/game.php?id=1334857"]
[Date "2015.1.14"]
[Round "2"]
[White "janeil"]
[Black "Rafaelpimentel"]
[Result "1-0"]
[WhiteElo "2486"]
[BlackElo "2168"]

1. e4 d6 2. d4 Nf6 3. Nc3 g6 4. Nf3 Bg7 5. Be2 O-O 6. O-O c5 7. d5 Nbd7 8. a4
Ne8 9. Be3 Nc7 10. Qd2 Qe8 11. Bh6 a6 12. a5 e5 13. dxe6 Nxe6 14. Bxg7 Nxg7 15.
Qxd6 Qe6 16. Qc7 Nf6 17. Bd3 Ngh5 18. Qxc5 Nf4 19. h3 Nxh3+ 20. gxh3 Qxh3 21.
Nh2 Re8 22. Qg5 Kg7 23. e5 Ng4 24. Nxg4 Bxg4 25. Be4 h6 26. Qf6+ Kg8 27. Nd5 1-0

[Event "AUTO-MASTER-2150"]
[Site "http://www.queenalice.com/game.php?id=1334858"]
[Date "2015.1.14"]
[Round "2"]
[White "Rafaelpimentel"]
[Black "janeil"]
[Result "0-1"]
[WhiteElo "2175"]
[BlackElo "2476"]

1. b3 e5 2. Bb2 Nc6 3. e3 Nf6 4. Be2 d5 5. Nf3 Bd6 6. c4 O-O 7. Nc3 d4 8. exd4
exd4 9. Nb5 Re8 10. Nbxd4 Ne5 11. O-O c5 12. Nb5 Bb8 13. d4 Nxf3+ 14. Bxf3 a6
15. Na3 Qd6 16. g3 Bh3 17. dxc5 Qxc5 18. Re1 Ba7 19. Qc2 Bf5 20. Qd2 Be4 21.
Bxf6 Bxf3 22. Bxg7 Red8 23. Qb2 Qf5 24. Bh6 f6 0-1

[Event "AUTO-MASTER-2150"]
[Site "http://www.queenalice.com/game.php?id=1334859"]
[Date "2015.1.14"]
[Round "2"]
[White "Lindomar"]
[Black "Rafaelpimentel"]
[Result "1-0"]
[WhiteElo "2304"]
[BlackElo "2166"]

1. d4 Nf6 2. c4 g6 3. Nc3 Bg7 4. e4 d6 5. Bg5 O-O 6. Qd2 Nbd7 7. Bh6 c5 8. Bxg7
Kxg7 9. Nf3 cxd4 10. Nxd4 Nc5 11. f3 a5 12. Be2 h6 13. O-O Bd7 14. Nd5 e5 15.
Nc2 Nxd5 16. exd5 Qb6 17. Ne3 f5 18. Kh1 Rae8 19. Rfb1 a4 20. b4 axb3 21. axb3
f4 22. Nc2 Bf5 23. b4 Nd7 24. Bd3 Bxd3 25. Qxd3 Qf2 26. Rf1 Qh4 27. Ra7 Rb8 28.
Na3 Qd8 29. Nb5 Qb6 30. Rfa1 h5 31. R7a4 h4 32. Nc3 h3 33. gxh3 Rh8 34. Rg1 Rh6
35. h4 1-0

[Event "AUTO-MASTER-2150"]
[Site "http://www.queenalice.com/game.php?id=1334860"]
[Date "2015.1.14"]
[Round "2"]
[White "Rafaelpimentel"]
[Black "Lindomar"]
[Result "0-1"]
[WhiteElo "2188"]
[BlackElo "2277"]

1. e4 e5 2. Nf3 Nc6 3. Bc4 Be7 4. d3 Nf6 5. c3 d6 6. Bg5 O-O 7. Bb3 Bg4 8. Nbd2
h6 9. Be3 a6 10. Qe2 b5 11. h3 Bh5 12. g4 Bg6 13. Rg1 Na5 14. Bc2 c5 15. g5 hxg5
16. Nxg5 d5 17. f4 exf4 18. Bxf4 dxe4 19. Ndxe4 Nxe4 20. Nxe4 Bh4+ 21. Kd1 Qd5
22. Kc1 Rfe8 23. Qg4 Be7 24. h4 Bf8 0-1

[Event "Revanche I"]
[Site "http://www.queenalice.com/game.php?id=1339109"]
[Date "2015.2.3"]
[Round "-"]
[White "wedsm"]
[Black "Rafaelpimentel"]
[Result "0-1"]
[WhiteElo "2045"]
[BlackElo "2162"]

1. e4 c6 2. d4 d5 3. e5 Bf5 4. g4 Be4 5. f3 Bg6 6. h4 h5 7. Bd3 Bxd3 8. Qxd3
hxg4 9. fxg4 e6 10. Nf3 Nd7 11. h5 Qb6 12. Ng5 Nh6 13. Rf1 c5 14. Nxf7 Nxf7 15.
Qg6 O-O-O 16. Rxf7 cxd4 0-1

[Event "Revanche II"]
[Site "http://www.queenalice.com/game.php?id=1339110"]
[Date "2015.2.3"]
[Round "-"]
[White "Rafaelpimentel"]
[Black "wedsm"]
[Result "1-0"]
[WhiteElo "2170"]
[BlackElo "2034"]

1. Nf3 c5 2. b3 Nf6 3. Bb2 e6 4. e3 Be7 5. Be2 d5 6. O-O Nc6 7. d4 O-O 8. Nbd2
cxd4 9. exd4 Qc7 10. h3 b6 11. c4 Bb7 12. Rc1 Rac8 13. Ne5 Bd6 14. f4 Qe7 15.
Bf3 1-0

[Event "AUTO-MASTER-2385"]
[Site "http://www.queenalice.com/game.php?id=1393587"]
[Date "2015.11.11"]
[Round "1"]
[White "Rafaelpimentel"]
[Black "jalhallib"]
[Result "0-1"]
[WhiteElo "2115"]
[BlackElo "2018"]

1. d4 d5 2. Bf4 e6 3. e3 Bd6 4. Bg3 Bxg3 5. hxg3 Nf6 6. Bd3 Nc6 7. c3 h6 8. Nf3
O-O 9. Nbd2 a6 10. Qe2 b5 0-1

[Event "AUTO-OPEN-3568"]
[Site "http://www.queenalice.com/game.php?id=1393657"]
[Date "2015.11.12"]
[Round "1"]
[White "AntonioMelo"]
[Black "Rafaelpimentel"]
[Result "1-0"]
[WhiteElo "2201"]
[BlackElo "2063"]

1. f4 c6 2. Nf3 d5 3. e3 Bg4 4. Be2 e6 5. O-O Nd7 6. Ne5 Bxe2 7. Qxe2 Ngf6 8. d4
Be7 9. c3 O-O 10. Nd2 a6 11. e4 dxe4 12. Nxe4 Nxe4 13. Qxe4 Nf6 14. Qf3 Qb6 15.
Kh1 Rad8 16. f5 exf5 17. Qxf5 c5 18. Bg5 Qxb2 19. Bxf6 Bxf6 20. Nd7 Rxd7 21.
Qxd7 cxd4 22. cxd4 1-0

[Event "AUTO-OPEN-3568"]
[Site "http://www.queenalice.com/game.php?id=1393658"]
[Date "2015.11.12"]
[Round "1"]
[White "Rafaelpimentel"]
[Black "AntonioMelo"]
[Result "0-1"]
[WhiteElo "2076"]
[BlackElo "2150"]

1. d4 d6 2. Bf4 Nf6 3. Nc3 g6 4. Qd2 Bg7 5. O-O-O O-O 6. Bh6 Ng4 7. Bxg7 Kxg7 8.
Qf4 Nc6 9. h3 e5 10. dxe5 Ngxe5 11. e4 Be6 12. g4 Qf6 13. Qg3 g5 14. Nge2 Nc4
15. f4 Nb4 16. Kb1 h6 17. h4 Rh8 0-1

[Event "AUTO-OPEN-3568"]
[Site "http://www.queenalice.com/game.php?id=1393681"]
[Date "2015.11.12"]
[Round "1"]
[White "Suso71"]
[Black "Rafaelpimentel"]
[Result "1-0"]
[WhiteElo "2778"]
[BlackElo "2080"]

1. e4 c6 2. d4 d5 3. Nd2 dxe4 4. Nxe4 Nf6 5. Nxf6+ gxf6 6. Nf3 Bf5 7. Be2 e6 8.
c4 Bd6 9. O-O Qc7 10. g3 h5 11. a3 b6 12. Nh4 Bg6 13. Nxg6 fxg6 14. c5 bxc5 15.
dxc5 Bxc5 16. Qc2 1-0

[Event "AUTO-OPEN-3568"]
[Site "http://www.queenalice.com/game.php?id=1393682"]
[Date "2015.11.12"]
[Round "1"]
[White "Rafaelpimentel"]
[Black "Suso71"]
[Result "0-1"]
[WhiteElo "2078"]
[BlackElo "2784"]

1. d4 Nf6 2. Bf4 d5 3. e3 c5 4. c3 Qb6 5. Qb3 c4 6. Qxb6 axb6 7. Na3 Nc6 8. Nb5
Ra5 9. a4 Bf5 10. f3 Bc2 11. e4 e6 12. Bc7 Bxa4 13. Bxb6 Rxb5 14. Bc5 Bxc5 15.
dxc5 Ra5 0-1

[Event "AUTO-OPEN-3568"]
[Site "http://www.queenalice.com/game.php?id=1393695"]
[Date "2015.11.12"]
[Round "1"]
[White "Herivelto"]
[Black "Rafaelpimentel"]
[Result "1-0"]
[WhiteElo "1993"]
[BlackElo "2100"]

1. e4 c6 2. d4 d5 3. e5 Bf5 4. Bd3 Bxd3 5. Qxd3 e6 6. Nf3 Nd7 7. Nc3 a6 8. O-O
Ne7 9. Nh4 Ng6 10. Nxg6 hxg6 11. Be3 1-0

[Event "AUTO-OPEN-3568"]
[Site "http://www.queenalice.com/game.php?id=1393696"]
[Date "2015.11.12"]
[Round "1"]
[White "Rafaelpimentel"]
[Black "Herivelto"]
[Result "0-1"]
[WhiteElo "2053"]
[BlackElo "2084"]

1. d4 Nf6 2. Bf4 g6 3. Nc3 Bg7 4. Qd2 d5 5. O-O-O a6 6. f3 b5 7. e4 dxe4 8. Nxe4
Nd5 9. Bh6 O-O 10. h4 f5 11. Bxg7 Kxg7 12. Nc5 f4 13. Nh3 Qd6 14. Bd3 Ne3 15.
Be4 Nc6 16. Nxf4 Nxd1 17. Nfd3 Nxb2 0-1